[Event "Hanoi GM1 03"]
[Site "Hanoi"]
[Date "2024.03.19"]
[Round "1"]
[White "Concio, Michael Jr"]
[Black "Soham, Kamotra"]
[Result "1/2-1/2"]
[WhiteElo "2401"]
[BlackElo "2389"]
[PlyCount "97"]
[EventDate "2024.03.19"]
[EventType "tourn"]
[EventRounds "9"]
[EventCountry "VIE"]
[EventCategory "6"]
[SourceTitle "CB13_2024"]
[SourceDate "2024.03.27"]
[SourceVersion "1"]
[SourceVersionDate "2024.03.27"]
[SourceQuality "1"]

1. d4 Nf6 2. c4 e6 3. g3 d5 4. Bg2 Be7 5. Nf3 0-0 6. 0-0 c6 7. Qc2 b6 8. Nbd2 Bb7 9. e4 Na6 10. e5 Nd7 11. cxd5 Nb4 12. Qd1 cxd5 13. Nb1 Ba6 14. Re1 Nd3 15. Re3 Nxc1 16. Qxc1 Rc8 17. Qd1 Rc6 18. Rc3 Qc7 19. Rxc6 Qxc6 20. Nc3 Rc8 21. Rc1 Nb8 22. Bf1 Qb7 23. Bxa6 Qxa6 24. Qf1 Kf8 25. Qxa6 Nxa6 26. Ne2 Rxc1+ 27. Nxc1 Ke8 28. Kf1 Nb4 29. Ke2 Kd7 30. Kd2 h5 31. Kc3 g6 32. Nd3 Nxd3 33. Kxd3 Kc6 34. Ne1 Kb5 35. Nc2 Kc6 36. f3 Kb5 37. Ne3 h4 38. Ng4 hxg3 39. hxg3 Bf8 40. f4 Bg7 41. Nf2 Bf8 42. g4 Bb4 43. g5 Kc6 44. Ng4 Kd7 45. Ke2 Be7 46. a3 Ke8 47. Kd3 a6 48. Kc3 Kd7 49. Kb3 1/2-1/2

[Event "Titled Tuesday intern op 27th Feb Late"]
[Site "Chess.com INT"]
[Date "2024.02.27"]
[Round "2"]
[White "Soham, Kamotra"]
[Black "Velikanov, Alexander"]
[Result "1-0"]
[WhiteElo "2348"]
[BlackElo "2387"]
[PlyCount "175"]
[EventDate "2024.02.27"]
[EventType "swiss (blitz)"]
[EventRounds "11"]
[EventCountry "USA"]
[SourceTitle "CB10_2024"]
[SourceDate "2024.03.06"]
[SourceVersion "1"]
[SourceVersionDate "2024.03.06"]
[SourceQuality "1"]

1. Nf3 Nf6 2. b3 d6 3. d4 g6 4. Bb2 Bg7 5. Nbd2 0-0 6. e3 c5 7. c4 cxd4 8. Nxd4 e5 9. N4f3 e4 10. Ng5 Re8 11. Qc2 Bf5 12. Be2 h6 13. g4 Nxg4 14. Bxg7 Kxg7 15. Ngxe4 Nf6 16. Bd3 Nc6 17. Qc3 Ne5 18. Bc2 Nxe4 19. Bxe4 Qf6 20. 0-0-0 Bg4 21. f3 Bh5 22. Bxb7 Rab8 23. Ne4 Qe7 24. f4 Bxd1 25. Rxd1 Rxb7 26. Nxd6 f6 27. Nxb7 Qxb7 28. fxe5 Rxe5 29. Qd4 Re7 30. c5 g5 31. Kb2 Qc7 32. Rd2 h5 33. Qd6 h4 34. Qxc7 Rxc7 35. b4 Kf7 36. e4 Ke6 37. Rd5 g4 38. Kc3 g3 39. hxg3 hxg3 40. Rd1 Ke5 41. Rg1 Kf4 42. Kc4 Kf3 43. b5 Kf2 44. Rd1 g2 45. c6 a6 46. a4 axb5+ 47. axb5 Re7 48. b6 Rxe4+ 49. Kd5 Re1 50. Rd2+ Re2 51. Rd1 Re1 52. Rxe1 Kxe1 53. b7 g1Q 54. b8Q Qg2+ 55. Kc5 Qc2+ 56. Kb6 Qb2+ 57. Kc7 Qe5+ 58. Kb7 Qb5+ 59. Kc7 Qe5+ 60. Kc8 Qe8+ 61. Kb7 Qe4 62. Qd6 f5 63. Kb6 Qb1+ 64. Ka7 Qa2+ 65. Kb8 Qb3+ 66. Kc8 Qg8+ 67. Kd7 Qf7+ 68. Qe7+ Qxe7+ 69. Kxe7 f4 70. c7 f3 71. c8Q f2 72. Qc1+ Ke2 73. Qc4+ Ke1 74. Qc3+ Ke2 75. Qc4+ Ke1 76. Qe4+ Kf1 77. Kf6 Kg1 78. Qg4+ Kh1 79. Qh3+ Kg1 80. Qe3 Kg2 81. Qe2 Kg1 82. Qd2 f1Q+ 83. Kg5 Qb5+ 84. Kg4 Qc4+ 85. Qf4 Qg8+ 86. Qg5 Qc8+ 87. Kf3+ Kf1 88. Qg2+ 1-0

[Event "Bhubaneswar SOA op 1st"]
[Site "Bhubaneswar"]
[Date "2024.01.30"]
[Round "4"]
[White "Soham, Kamotra"]
[Black "Namitbir, Singh Walia"]
[Result "1-0"]
[WhiteElo "2348"]
[BlackElo "2408"]
[PlyCount "87"]
[EventDate "2024.01.28"]
[EventType "swiss"]
[EventRounds "10"]
[EventCountry "IND"]
[SourceTitle "CB06_2024"]
[SourceDate "2024.02.07"]
[SourceVersion "1"]
[SourceVersionDate "2024.02.07"]
[SourceQuality "1"]

1. Nf3 Nf6 2. b3 g6 3. Bb2 Bg7 4. e3 0-0 5. d4 d6 6. Be2 e5 7. dxe5 Ng4 8. Nc3 Nxe5 9. h4 Nbc6 10. Qd2 Ng4 11. Bb5 Bd7 12. 0-0-0 a6 13. Bxc6 Bxc6 14. Nd4 h5 15. Nxc6 bxc6 16. f3 Ne5 17. Ne4 d5 18. Qc3 Qe7 19. Qc5 Rfe8 20. Qxe7 Rxe7 21. Nc5 Bh6 22. Rhe1 Nd7 23. Nxd7 Rxd7 24. Be5 Re8 25. Bf4 Bxf4 26. exf4 Rde7 27. Rxe7 Rxe7 28. Rd4 Re6 29. Kd2 Rd6 30. b4 f5 31. Rd3 Rd8 32. Ra3 Ra8 33. Ra5 Kf7 34. Rc5 Rb8 35. c3 a5 36. Rxa5 Ke6 37. Ra6 Kd7 38. a4 Rb6 39. Ra5 Kd6 40. Rc5 Ra6 41. a5 Ra8 42. Kd3 Kd7 43. Kd4 Re8 44. a6 1-0

[Event "Titled Tuesday intern op 12th Sep Early"]
[Site "Chess.com INT"]
[Date "2023.09.12"]
[Round "7"]
[White "Hambleton, Aman"]
[Black "Soham, Kamotra"]
[Result "1-0"]
[WhiteElo "2420"]
[BlackElo "2388"]
[PlyCount "113"]
[EventDate "2023.09.12"]
[EventType "swiss (blitz)"]
[EventRounds "11"]
[EventCountry "USA"]
[SourceTitle "EXT 2024"]
[Source "ChessBase"]
[SourceDate "2023.10.10"]
[SourceVersion "1"]
[SourceVersionDate "2023.10.10"]
[SourceQuality "1"]

1. c4 c5 2. Nf3 g6 3. e4 Bg7 4. d4 cxd4 5. Nxd4 Nc6 6. Be3 Nf6 7. Nc3 0-0 8. Be2 d6 9. 0-0 Qa5 10. Re1 Bd7 11. f3 Rfc8 12. Rc1 a6 13. Nb3 Qd8 14. Na4 Rab8 15. Nb6 Bh6 16. Bxh6 Qxb6+ 17. Kh1 Ne5 18. Bf4 Ba4 19. c5 Bxb3 20. Qxb3 Qxb3 21. axb3 Nfd7 22. cxd6 exd6 23. Red1 Rxc1 24. Rxc1 Kf8 25. Kg1 Ke7 26. Be3 Kd8 27. Kf1 Rc8 28. Rxc8+ Kxc8 29. f4 Nc6 30. Bc4 f6 31. Bg8 h6 32. Ke2 Nc5 33. Bd5 Kd7 34. h4 Ne7 35. Kf3 Nxd5 36. exd5 f5 37. h5 gxh5 38. Kg3 Ne4+ 39. Kh4 Nf6 40. Bd4 Nxd5 41. g3 Ke6 42. Kxh5 Nb4 43. Kxh6 Nc2 44. Bh8 d5 45. Kg6 Ne3 46. Bd4 Nc2 47. Bf2 d4 48. g4 d3 49. gxf5+ Kd7 50. f6 d2 51. f7 d1Q 52. f8Q Qg4+ 53. Kh7 Qh5+ 54. Kg8 Qg4+ 55. Qg7+ Qxg7+ 56. Kxg7 Na1 57. f5 1-0

[Event "Titled Tuesday intern op 12th Sep Early"]
[Site "Chess.com INT"]
[Date "2023.09.12"]
[Round "4"]
[White "Zemlyanskii, Ivan"]
[Black "Soham, Kamotra"]
[Result "1-0"]
[WhiteElo "2362"]
[BlackElo "2388"]
[PlyCount "121"]
[EventDate "2023.09.12"]
[EventType "swiss (blitz)"]
[EventRounds "11"]
[EventCountry "USA"]
[SourceTitle "EXT 2024"]
[Source "ChessBase"]
[SourceDate "2023.10.10"]
[SourceVersion "1"]
[SourceVersionDate "2023.10.10"]
[SourceQuality "1"]

1. d4 Nf6 2. c4 e6 3. Bf4 b6 4. Nc3 Bb7 5. e3 Bb4 6. Nge2 0-0 7. a3 Be7 8. d5 Nh5 9. Bg3 Nxg3 10. hxg3 e5 11. g4 g6 12. Ng3 a5 13. Qf3 Na6 14. Nge4 f6 15. Bd3 d6 16. 0-0-0 Rf7 17. Bc2 Bc8 18. Rh2 Bd7 19. Qg3 Rg7 20. f4 Qc8 21. g5 fxg5 22. fxe5 dxe5 23. Qxe5 g4 24. Rdh1 Bf5 25. Nb5 Qd7 26. Nd4 Re8 27. Ne6 Bd8 28. Qxg7+ Qxg7 29. Nxg7 Rxe4 30. Bxe4 Bxe4 31. Ne6 Bf6 32. Rxh7 Bxg2 33. R1h6 Be4 34. Rd7 g3 35. Rh3 g2 36. Rg3 Be5 37. Rg4 Bf5 38. Rxg2 Nc5 39. Rd8+ Kf7 40. Nxc5 bxc5 41. b3 Be4 42. Rf2+ Ke7 43. Ra8 Bg3 44. Rf1 Bd3 45. Rg1 Bf2 46. Rg2 Bxe3+ 47. Kd1 g5 48. Rxa5 Kd6 49. Ra6+ Ke5 50. Re6+ Kd4 51. Rxe3 Kxe3 52. Rxg5 Be2+ 53. Kc2 Bd3+ 54. Kc3 Be4 55. Rg3+ Kf4 56. Rg1 c6 57. dxc6 Bxc6 58. a4 Ke5 59. a5 Bb7 60. Rg6 Ba6 61. Rxa6 1-0

[Event "Titled Tuesday intern op 11th Jul Early"]
[Site "Chess.com INT"]
[Date "2023.07.11"]
[Round "3"]
[White "Soham, Kamotra"]
[Black "Bazeev, German"]
[Result "0-1"]
[WhiteElo "2381"]
[BlackElo "2369"]
[PlyCount "88"]
[EventDate "2023.07.11"]
[EventType "swiss (blitz)"]
[EventRounds "11"]
[EventCountry "USA"]
[SourceTitle "EXT 2024"]
[Source "ChessBase"]
[SourceDate "2023.10.10"]
[SourceVersion "1"]
[SourceVersionDate "2023.10.10"]
[SourceQuality "1"]

1. d4 Nf6 2. Bf4 g6 3. Nc3 d5 4. h3 c6 5. e3 Bg7 6. Bd3 b6 7. Nf3 0-0 8. 0-0 Bb7 9. e4 dxe4 10. Nxe4 Nbd7 11. c3 c5 12. Qe2 cxd4 13. Rad1 Bxe4 14. Bxe4 Nxe4 15. Qxe4 Nc5 16. Qb1 Ne6 17. Be3 dxe3 18. Rxd8 exf2+ 19. Kxf2 Raxd8 20. Rd1 Nc5 21. Ke2 e5 22. b4 Ne6 23. Rxd8 Rxd8 24. g3 Bh6 25. Nxe5 Rd2+ 26. Kf1 Bg7 27. Qe4 Bxe5 28. Qxe5 Rxa2 29. h4 h5 30. Ke1 a5 31. Qb8+ Kg7 32. Qxb6 a4 33. Qa7 a3 34. b5 Ra1+ 35. Kd2 a2 36. Kd3 Rd1+ 37. Kc4 a1Q 38. Qxa1 Rxa1 39. Kd5 Nc7+ 40. Kc6 Nxb5 41. Kxb5 Rg1 42. c4 Rxg3 43. c5 Rg1 44. c6 Rc1 0-1

[Event "Titled Tuesday intern op 11th Jul Early"]
[Site "Chess.com INT"]
[Date "2023.07.11"]
[Round "4"]
[White "Soham, Kamotra"]
[Black "Oparin, Grigoriy"]
[Result "0-1"]
[WhiteElo "2381"]
[BlackElo "2681"]
[PlyCount "146"]
[EventDate "2023.07.11"]
[EventType "swiss (blitz)"]
[EventRounds "11"]
[EventCountry "USA"]
[SourceTitle "EXT 2024"]
[Source "ChessBase"]
[SourceDate "2023.10.10"]
[SourceVersion "1"]
[SourceVersionDate "2023.10.10"]
[SourceQuality "1"]

1. Nf3 c5 2. b3 Nc6 3. Bb2 d6 4. d4 cxd4 5. Nxd4 Nf6 6. c4 g6 7. e3 Bg7 8. Be2 0-0 9. 0-0 Bd7 10. Nc3 a6 11. Rc1 Rc8 12. Qd2 Qa5 13. Rfd1 Rfe8 14. h3 Qg5 15. Nf3 Qc5 16. Bd3 Qa5 17. a3 Qb6 18. b4 Red8 19. Nd5 Nxd5 20. cxd5 Ne5 21. Nxe5 Bxe5 22. Bxe5 dxe5 23. Bf1 Qd6 24. e4 Kg7 25. Qe3 Ba4 26. Re1 Bd7 27. Rc5 Rxc5 28. bxc5 Qc7 29. Qc3 f6 30. Qb4 Bc8 31. f3 g5 32. a4 a5 33. Qc3 Bd7 34. Bb5 Rc8 35. Rc1 Be8 36. Kf2 Bf7 37. Qe3 h6 38. Ke1 Rd8 39. Rc3 Qb8 40. Qd2 Qc7 41. Rc2 Rh8 42. Kf2 h5 43. Rc1 g4 44. hxg4 hxg4 45. fxg4 Bg6 46. Qe2 Qc8 47. Kg3 Qg8 48. Rc3 Qh7 49. Kf2 Qh2 50. d6 exd6 51. cxd6 Qf4+ 52. Rf3 Qc1 53. d7 Qc5+ 54. Qe3 Qc2+ 55. Qe2 Qc5+ 56. Qe3 Qe7 57. Qc3 Bxe4 58. Re3 Bg6 59. Qc8 Rd8 60. Rc3 Kf7 61. Qc7 Be4 62. Bc4+ Kg6 63. Bb5 Bc6 64. Bd3+ e4 65. Rxc6 bxc6 66. Be2 Rxd7 67. Qxc6 Rd4 68. Qb5 Qe5 69. Qe8+ Kg7 70. Qh5 Qxh5 71. gxh5 Rxa4 72. Ke3 Rb4 73. Bb5 Rxb5 0-1

[Event "Titled Tuesday intern op 04th Jul Early"]
[Site "Chess.com INT"]
[Date "2023.07.04"]
[Round "2"]
[White "Dwilewicz, Katarzyna"]
[Black "Soham, Kamotra"]
[Result "1-0"]
[WhiteElo "2134"]
[BlackElo "2381"]
[PlyCount "125"]
[EventDate "2023.07.04"]
[EventType "swiss (blitz)"]
[EventRounds "11"]
[EventCountry "USA"]
[SourceTitle "EXT 2024"]
[Source "ChessBase"]
[SourceDate "2023.10.10"]
[SourceVersion "1"]
[SourceVersionDate "2023.10.10"]
[SourceQuality "1"]

1. e4 c6 2. d4 d5 3. Nc3 dxe4 4. Nxe4 Bf5 5. Ng3 Bg6 6. Nh3 e6 7. Nf4 Bd6 8. Ngh5 Bxf4 9. Nxf4 Nf6 10. c3 Nd5 11. Nxg6 hxg6 12. g3 Nd7 13. Bg2 N7f6 14. Qe2 Qd6 15. Bg5 0-0-0 16. 0-0-0 Rhe8 17. Rhe1 Rd7 18. Kb1 Red8 19. h4 a6 20. Bf3 c5 21. c4 Nb4 22. d5 exd5 23. cxd5 Qb6 24. a3 Nbxd5 25. Bxd5 Rxd5 26. Rxd5 Nxd5 27. Ka2 f6 28. Qg4+ Kb8 29. Bd2 f5 30. Qc4 Qc6 31. Rc1 Nb6 32. Bf4+ Ka7 33. Qxc5 Qxc5 34. Rxc5 Rd7 35. Be3 Kb8 36. Re5 Nc4 37. Re8+ Kc7 38. Bf4+ Kc6 39. Re6+ Kd5 40. Rxg6 Ke4 41. Re6+ Kf3 42. Kb3 Na5+ 43. Ka4 Nc6 44. Be3 Rf7 45. b4 Ne7 46. Rd6 Ng8 47. Kb3 Nf6 48. a4 Ng4 49. Bc5 Nxf2 50. Bxf2 Kxf2 51. Rg6 Kf3 52. b5 axb5 53. axb5 Re7 54. Kc4 Re4+ 55. Kc5 Rg4 56. Rd6 Kxg3 57. Kb6 Kxh4 58. Kxb7 Rb4 59. b6 g5 60. Kc7 f4 61. b7 Rc4+ 62. Rc6 Rb4 63. Rb6 1-0

[Event "Titled Tuesday intern op 04th Jul Early"]
[Site "Chess.com INT"]
[Date "2023.07.04"]
[Round "6"]
[White "Manukian, Artak"]
[Black "Soham, Kamotra"]
[Result "0-1"]
[WhiteElo "2196"]
[BlackElo "2381"]
[PlyCount "70"]
[EventDate "2023.07.04"]
[EventType "swiss (blitz)"]
[EventRounds "11"]
[EventCountry "USA"]
[SourceTitle "EXT 2024"]
[Source "ChessBase"]
[SourceDate "2023.10.10"]
[SourceVersion "1"]
[SourceVersionDate "2023.10.10"]
[SourceQuality "1"]

1. e4 Nf6 2. Nc3 d5 3. exd5 Nxd5 4. Bc4 Nb6 5. Bb3 Bf5 6. Qf3 e6 7. Qxb7 N8d7 8. d4 Bd6 9. Nf3 0-0 10. 0-0 c5 11. Bg5 f6 12. Ne4 Be7 13. dxc5 Bxe4 14. Qxe4 Nxc5 15. Bxe6+ Kh8 16. Qc6 fxg5 17. Nxg5 Bxg5 18. Qxc5 Qf6 19. Bb3 Bf4 20. c3 Nd7 21. Qd5 Rad8 22. Rad1 Ne5 23. Qe4 Rde8 24. g3 Bh6 25. f4 Ng4 26. Qd4 Ne3 27. Qxf6 gxf6 28. Rd2 Nxf1 29. Kxf1 Rd8 30. Rxd8 Rxd8 31. Ke2 Bf8 32. Be6 Bc5 33. b4 Bb6 34. c4 Rd4 35. a3 Re4+ 0-1

[Event "Titled Tuesday intern op 16th May Late"]
[Site "Chess.com INT"]
[Date "2023.05.16"]
[Round "1"]
[White "Alexikov, Alexander"]
[Black "Soham, Kamotra"]
[Result "0-1"]
[WhiteElo "2209"]
[BlackElo "2319"]
[PlyCount "64"]
[EventDate "2023.05.16"]
[EventType "swiss (blitz)"]
[EventRounds "11"]
[EventCountry "USA"]
[SourceTitle "CBM 214 Extra"]
[Source "ChessBase"]
[SourceDate "2023.07.31"]
[SourceVersion "1"]
[SourceVersionDate "2023.07.31"]
[SourceQuality "1"]

1. e4 Nf6 2. e5 Nd5 3. d4 d6 4. Nf3 c6 5. h3 dxe5 6. Nxe5 Bf5 7. a3 e6 8. c4 Nf6 9. Nc3 Nbd7 10. Be3 Bd6 11. g4 Bg6 12. f4 c5 13. Bg2 cxd4 14. Bxd4 Qb8 15. Qe2 0-0 16. Rd1 Rd8 17. Nb5 Bc5 18. Bxc5 Nxc5 19. 0-0 a6 20. Nc3 Qc7 21. f5 exf5 22. gxf5 Bh5 23. Bf3 Bxf3 24. Nxf3 Rxd1 25. Rxd1 Re8 26. Qh2 Qb6 27. Qf2 Qc6 28. Nd5 Nce4 29. Qd4 Nxd5 30. cxd5 Qd6 31. Ne1 Qg3+ 32. Ng2 Ng5 0-1

[Event "Titled Tuesday intern op 16th May Late"]
[Site "Chess.com INT"]
[Date "2023.05.16"]
[Round "2"]
[White "Deac, Bogdan Daniel"]
[Black "Soham, Kamotra"]
[Result "1-0"]
[WhiteElo "2700"]
[BlackElo "2319"]
[PlyCount "135"]
[EventDate "2023.05.16"]
[EventType "swiss (blitz)"]
[EventRounds "11"]
[EventCountry "USA"]
[SourceTitle "CBM 214 Extra"]
[Source "ChessBase"]
[SourceDate "2023.07.31"]
[SourceVersion "1"]
[SourceVersionDate "2023.07.31"]
[SourceQuality "1"]

1. b3 Nf6 2. Bb2 d5 3. e3 Bf5 4. c4 c6 5. cxd5 cxd5 6. Bb5+ Bd7 7. Qe2 Bxb5 8. Qxb5+ Qd7 9. Nc3 a6 10. Qe2 Nc6 11. Na4 Qd6 12. d4 e6 13. Nf3 Qb4+ 14. Bc3 Qb5 15. Nd2 Bd6 16. Nb2 Qxe2+ 17. Kxe2 b5 18. Nd3 Nd7 19. Rhc1 Ke7 20. Rc2 Rhc8 21. Rac1 Ra7 22. Ba5 Ndb8 23. Bb6 Rb7 24. Bc5 Rbc7 25. b4 Bxc5 26. bxc5 Na5 27. a4 Nbc6 28. axb5 axb5 29. Rb1 Rb8 30. Ra2 Rcb7 31. Nb3 Nxb3 32. Rxb3 Ra7 33. Rxa7+ Nxa7 34. Nb4 Kd7 35. Ra3 Nc6 36. Nxc6 Kxc6 37. Ra7 Rb7 38. Ra6+ Kc7 39. Kd2 b4 40. Kc2 b3+ 41. Kb2 Rb5 42. Ra7+ Kc6 43. Rxf7 e5 44. Rxg7 exd4 45. exd4 Rb4 46. Rxh7 Rxd4 47. Kxb3 Rd2 48. Rf7 Kxc5 49. Kc3 Ra2 50. h4 Ra3+ 51. Kd2 Kd4 52. Ke2 Ra2+ 53. Kf3 Kd3 54. h5 d4 55. h6 Ra1 56. h7 Rh1 57. g4 Kd2 58. g5 Ke1 59. g6 Rh2 60. Kg3 Rh1 61. g7 d3 62. g8Q Rg1+ 63. Kh2 Rxg8 64. hxg8Q d2 65. Qe8+ Kf1 66. Rd7 Kxf2 67. Rxd2+ Kf1 68. Qe2# 1-0

[Event "Titled Tuesday intern op 16th May Early"]
[Site "Chess.com INT"]
[Date "2023.05.16"]
[Round "2"]
[White "Soham, Kamotra"]
[Black "Antipov, Mikhail Al"]
[Result "1/2-1/2"]
[WhiteElo "2319"]
[BlackElo "2588"]
[PlyCount "130"]
[EventDate "2023.05.16"]
[EventType "swiss (blitz)"]
[EventRounds "11"]
[EventCountry "USA"]
[SourceTitle "CBM 214 Extra"]
[Source "ChessBase"]
[SourceDate "2023.07.31"]
[SourceVersion "1"]
[SourceVersionDate "2023.07.31"]
[SourceQuality "1"]

1. c4 c5 2. g3 g6 3. Bg2 Bg7 4. Nc3 Nc6 5. e3 d6 6. Nge2 h5 7. h3 Bf5 8. e4 Bd7 9. d3 a6 10. 0-0 Nf6 11. Kh2 Rb8 12. a4 e5 13. Bd2 Nb4 14. Be3 b5 15. axb5 axb5 16. b3 0-0 17. Qd2 Ne8 18. Ra7 Nc7 19. Nd5 bxc4 20. bxc4 Ncxd5 21. exd5 Bf5 22. Be4 Qc8 23. h4 Bxe4 24. dxe4 f5 25. Bh6 Rb7 26. Bxg7 Kxg7 27. Rxb7+ Qxb7 28. exf5 Rxf5 29. Nc3 Qa6 30. Qe2 Qb7 31. Ne4 Qe7 32. Kg2 Rf8 33. Ra1 Rb8 34. Ra5 Rb6 35. Ra8 Qf7 36. Qd2 Qf5 37. Qe3 Nc2 38. Qf3 Qxf3+ 39. Kxf3 Nd4+ 40. Kg2 Nf5 41. Ng5 Rb2 42. Ra7+ Kg8 43. Rd7 Nd4 44. Rd8+ Kg7 45. Rxd6 Rc2 46. Rd7+ Kf8 47. Ne6+ Ke8 48. Rg7 Rxc4 49. Rxg6 Kf7 50. Rh6 Rc2 51. Rxh5 Nxe6 52. dxe6+ Kxe6 53. Rh6+ Kd5 54. Rh8 c4 55. h5 Ra2 56. g4 Ke4 57. Rf8 c3 58. h6 Ra6 59. g5 Rg6 60. h7 Rxg5+ 61. Kf1 c2 62. Rc8 Rh5 63. Ke2 Rxh7 64. Rc4+ Kf5 65. Rxc2 Rh4 1/2-1/2